000 00587nam a22002057a 4500
999 _c16049
_d16049
003 AR-CdUCM
008 190430b ||||| |||| 00| 0 spa d
040 _aMUNICIPALIDAD PROVINCIAL DEL CUSCO
_cBIBLIOTECA MUNICIPAL DEL CUSCO
082 _a188 /
_bE64
100 _aEpicleto
_935329
245 _aMáximas /
260 _aBuenos Aires :
_bEdit. Tor,
300 _a127 paginas ;
_c18 cm.
505 _aContenido : Filosofía /
650 _aFilosofía
_9395
650 _aEstoicos
_935330
650 _aFilosofía latina
_917380
942 _2ddc
_cLIBROS
945 _arjall
_d2019-04-30